|
|
|
|
| LEADER |
01783cas a2200253 a 4500 |
| 001 |
AALejournalIMF008348 |
| 008 |
230101c9999 xx r poo 0 0eng d |
| 020 |
|
|
|c 5.00 USD
|
| 020 |
|
|
|z 9781451841657
|
| 022 |
|
|
|a 1018-5941
|
| 040 |
|
|
|a BD-DhAAL
|c BD-DhAAL
|
| 100 |
1 |
|
|a Chan-Lau, Jorge.
|
| 245 |
1 |
0 |
|a Testing the Informational Efficiency of OTC Optionson Emerging Market Currencies /
|c Jorge Chan-Lau, Armando Mendez Morales.
|
| 264 |
|
1 |
|a Washington, D.C. :
|b International Monetary Fund,
|c 2003.
|
| 300 |
|
|
|a 1 online resource (32 pages)
|
| 490 |
1 |
|
|a IMF Working Papers
|
| 500 |
|
|
|a <strong>Off-Campus Access:</strong> No User ID or Password Required
|
| 500 |
|
|
|a <strong>On-Campus Access:</strong> No User ID or Password Required
|
| 506 |
|
|
|a Electronic access restricted to authorized BRAC University faculty, staff and students
|
| 520 |
3 |
|
|a This paper analyzes the informational efficiency of OTC currency options on the Czech koruna and the Polish zloty correcting for the volatility risk premium and errors-in-variable problems, using state-of-the-art techniques (Chernov 2001). It finds that these markets are more efficient than mature markets possibly because of higher relative participation of informed dedicated investors, which offset the effects of relative illiquidity and higher transaction costs in these countries. Moreover, implied volatilities generally anticipate the direction of volatility correctly, with a bias to overpredicting volatility increases reflecting one-sided markets.
|
| 538 |
|
|
|a Mode of access: Internet
|
| 700 |
1 |
|
|a Mendez Morales, Armando.
|
| 830 |
|
0 |
|a IMF Working Papers; Working Paper ;
|v No. 2003/001
|
| 856 |
4 |
0 |
|z Full text available on IMF
|u http://elibrary.imf.org/view/journals/001/2003/001/001.2003.issue-001-en.xml
|z IMF e-Library
|